000 00876nam a2200253Ia 4500
003 OSt
005 20221005112046.0
006 a|||||r|||| 00| 0
007 ta
008 221004b |||||||| |||| 00| 0 hin d
024 _a107572
037 _cTextual
040 _aCRL
_cCRL
_bhin
041 _2hin
_ahin
082 _aO152,23N177x, K7;L7
100 _aमुक्तिबोध, गजानन माधव
245 0 _aकाठ का सपना
246 _aKāṭh kā sapanā
260 _aवाराणासी
_bभारतीय ज्ञानपीठ प्रकाशन भारत
_c1977
300 _a164पृ0
_ccm.
650 _aहिन्दी साहित्य
942 _hO152,23N177x, K7;L7
_cTEXL
_2cc
999 _c1023706
_d1023706